000 00463nam a2200181Ia 4500
001 23296
005 20260414150928.0
008 260414t2003||||xx |||||||||||||| ||spa||
041 _aESP
082 _a628.24
_bL87
100 _aLópez Cualla, Ricardo Alfredo
_eAUT
245 0 _aElementos de diseño para acueductos y alcantarillados
_b
260 _c2003
300 _a546 páginas :
_c24 cm.
650 _a0
654 _aCIC
942 _cLIB
_dJUS
_fJUS
_2ddc
_n
999 _c23296
_d23296